Imitación de Cristo (Record no. 185679)

MARC details
000 -LEADER
campo de control de longitud fija 01061nam a2200277 i 4500
001 - NÚMERO DE CONTROL
campo de control 185679
003 - IDENTIFICADOR DE NÚMERO DE CONTROL
campo de control SpMaBN
005 - FECHA Y HORA DE LA ÚLTIMA TRANSACCIÓN
campo de control 20250821111723.0
008 - DATOS DE LONGITUD FIJA--INFORMACIÓN GENERAL
campo de control de longitud fija 160802s2000 sp |||| | spa d
020 ## - NÚMERO INTERNACIONAL ESTÁNDAR DEL LIBRO
Número Internacional Estándar del Libro 84-8306-303-4
080 ## - NÚMERO DE LA CLASIFICACIÓN DECIMAL UNIVERSAL
Número de la Clasificación Decimal Universal 242
245 00 - MENCIÓN DEL TÍTULO
Título Imitación de Cristo
Resto del título : (primer tratado) /
Mención de responsabilidad, etc. Tomás de Kempis ; prólogo de Enrique Miret Magdalena ; [versión atribuida a Fray Luis de Granada ; presentación, Carlos García Gual].
246 35 - FORMA VARIANTE DEL TITULO
Título propio/Titulo breve Imitación de Cristo
Resto del título : (Contemptus mundi)
250 ## - MENCION DE EDICION
Mención de edición 1ª ed.
260 ## - PUBLICACIÓN, DISTRIBUCIÓN, ETC.
Lugar de publicación, distribución, etc. Madrid :
Nombre del editor, distribuidor, etc. Debate,
Fecha de publicación, distribución, etc. 2000.
300 ## - DESCRIPCIÓN FÍSICA
Extensión 124 p. ;
Dimensiones 20 cm.
490 1# - MENCIÓN DE SERIE
Mención de serie Siete libros sobre el arte de vivir ;
Designación de volumen o secuencia 3
650 07 - PUNTO DE ACCESO ADICIONAL DE MATERIA--TÉRMINO DE MATERIA
Término de materia o nombre geográfico como elemento de entrada Meditaciones.
9 (RLIN) 14983
700 0# - ENTRADA AGREGADA--NOMBRE PERSONAL
Nombre de persona Thomas a Kempis.
9 (RLIN) 110051
700 1# - ENTRADA AGREGADA--NOMBRE PERSONAL
Nombre de persona Miret Magdalena, Enrique.
9 (RLIN) 81583
700 0# - ENTRADA AGREGADA--NOMBRE PERSONAL
Nombre de persona Luis de Granada,
Títulos y otros términos asociados al nombre (O.P.),
Fechas asociadas al nombre 1504-1588
9 (RLIN) 74687
700 1# - ENTRADA AGREGADA--NOMBRE PERSONAL
Nombre de persona García Gual, Carlos.
9 (RLIN) 54728
830 0# - PUNTO DE ACCESO ADICIONAL DE SERIE-TÍTULO UNIFORME
Título uniforme Siete libros sobre el arte de vivir ;
Designación de volumen o secuencia 3
9 (RLIN) 225265
852 ## - LOCALIZACIÓN
Ubicación ES-MaACL
Número de control de estantería L-30495
Nota libre - enc. cart.
-- . - Donat. Miguel A. Velasco
Holdings
Estatus retirado Estado de pérdida Estado de daño No para préstamo Biblioteca de origen Biblioteca actual Ubicación en estantería Fecha de adquisición Fuente de adquisición Total de préstamos Signatura topográfica completa Código de barras Visto por última vez Precio de reemplazo Tipo de ítem Koha
        Biblioteca del Ateneo de Madrid Biblioteca del Ateneo de Madrid Depósito 2 02/08/2016     L-30495 1195729 23/02/2023 23/02/2023 Libro impreso